Competing for the future / (Record no. 16784)
[ view plain ]
| 000 -LEADER | |
|---|---|
| fixed length control field | 02275cam a2200397 a 4500 |
| 001 - CONTROL NUMBER | |
| control field | 1963520 |
| 003 - CONTROL NUMBER IDENTIFIER | |
| control field | OSt |
| 005 - DATE AND TIME OF LATEST TRANSACTION | |
| control field | 20140310182837.0 |
| 008 - FIXED-LENGTH DATA ELEMENTS--GENERAL INFORMATION | |
| fixed length control field | 940421s1994 maua b 001 0 eng |
| 010 ## - LIBRARY OF CONGRESS CONTROL NUMBER | |
| LC control number | 94018035 //r95 |
| 020 ## - INTERNATIONAL STANDARD BOOK NUMBER | |
| International Standard Book Number | 0875847161 (pbk) |
| 020 ## - INTERNATIONAL STANDARD BOOK NUMBER | |
| International Standard Book Number | 0875844162 (alk. paper) : |
| Terms of availability | $24.95 |
| 020 ## - INTERNATIONAL STANDARD BOOK NUMBER | |
| International Standard Book Number | 0875844162 (alk. paper) : |
| 020 ## - INTERNATIONAL STANDARD BOOK NUMBER | |
| International Standard Book Number | 0875844162 |
| 020 ## - INTERNATIONAL STANDARD BOOK NUMBER | |
| International Standard Book Number | 0875847161 (pbk.) |
| 040 ## - CATALOGING SOURCE | |
| Original cataloging agency | TOC |
| Language of cataloging | eng |
| Transcribing agency | TOC |
| Modifying agency | TOC |
| 050 #0 - LIBRARY OF CONGRESS CALL NUMBER | |
| Classification number | HD 41 |
| Item number | .H212 1994 |
| 082 00 - DEWEY DECIMAL CLASSIFICATION NUMBER | |
| Classification number | M 658.4012 |
| Item number | H17 1994 |
| 100 1# - MAIN ENTRY--PERSONAL NAME | |
| Personal name | Hamel, Gary. |
| 245 10 - TITLE STATEMENT | |
| Title | Competing for the future / |
| Statement of responsibility, etc | Hamel, Gary; Prahalad, C.K. |
| 260 ## - PUBLICATION, DISTRIBUTION, ETC. (IMPRINT) | |
| Place of publication, distribution, etc | Boston, Massachusetts : |
| Name of publisher, distributor, etc | Harvard Business School Press, |
| Date of publication, distribution, etc | c1994. |
| 300 ## - PHYSICAL DESCRIPTION | |
| Extent | xv, 327 p. : |
| Other physical details | ill. ; |
| Dimensions | 24 cm. |
| 504 ## - BIBLIOGRAPHY, ETC. NOTE | |
| Bibliography, etc | Includes bibliographical references (p. 303-306) and index. |
| 505 0# - FORMATTED CONTENTS NOTE | |
| Formatted contents note | Ch. 1. Getting Off the Treadmill -- Ch. 2. How Competition for the Future Is Different -- Ch. 3. Learning to Forget -- Ch. 4. Competing for Industry Foresight -- Ch. 5. Crafting Strategic Architecture -- Ch. 6. Strategy as Stretch -- Ch. 7. Strategy as Leverage -- Ch. 8. Competing to Shape the Future -- Ch. 9. Building Gateways to the Future -- Ch. 10. Embedding the Core Competence Perspective -- Ch. 11. Securing the Future -- Ch. 12. Thinking Differently. |
| 520 ## - SUMMARY, ETC. | |
| Summary, etc | In Competing for the Future, the authors show executives how to get their company off the restructuring and reengineering treadmill and onto the elusive path of corporate revitalization, develop the industry foresight necessary to proactively shape industry evolution, establish a truly stretching strategic intent and mobilize the entire organization in its pursuit, discover ways of leveraging resources that will enable the company to attain heroic goals despite resource constraints, develop a point of view on which core competencies can be built for the future, and extend the boundaries of corporate imagination and revitalize the process of new business creation. |
| 521 ## - TARGET AUDIENCE NOTE | |
| Target audience note | |
| 526 ## - STUDY PROGRAM INFORMATION NOTE | |
| Reading level | 1210L-1700L |
| 541 ## - IMMEDIATE SOURCE OF ACQUISITION NOTE | |
| -- | 1 |
| 562 ## - COPY AND VERSION IDENTIFICATION NOTE | |
| Number of copies | 1 |
| 650 #0 - SUBJECT ADDED ENTRY--TOPICAL TERM | |
| Topical term or geographic name as entry element | Competition. |
| 650 #0 - SUBJECT ADDED ENTRY--TOPICAL TERM | |
| Topical term or geographic name as entry element | Business planning. |
| 650 #0 - SUBJECT ADDED ENTRY--TOPICAL TERM | |
| Topical term or geographic name as entry element | Competition, International. |
| 700 1# - ADDED ENTRY--PERSONAL NAME | |
| Personal name | Prahalad, C. K. |
| 942 ## - ADDED ENTRY ELEMENTS (KOHA) | |
| Source of classification or shelving scheme | Library of Congress Classification |
| Koha item type | Books |
| Call number prefix | |
| Withdrawn status | Lost status | Source of classification or shelving scheme | Damaged status | Home library | Current library | Shelving location | Date acquired | Total Checkouts | Full call number | Barcode | Date last seen | Date checked out | Copy number | Price effective from | Koha item type |
|---|---|---|---|---|---|---|---|---|---|---|---|---|---|---|---|
| Library of Congress Classification | College Library | College Library | General Circulation Section | 06/07/2013 | 1 | HD 41 .H212 1994 | C8196 | 05/15/2018 | 09/22/2014 | 1 | 06/07/2013 | Books |